[Event "FICGS rapid D 000142 email"]
[Site "FICGS email"]
[Date "2022.01.28"]
[Round "1"]
[White "Brand Lyard, Paul"]
[Black "Fraczkowski, Albert"]
[Result "1-0"]
[WhiteElo "1596"]
[BlackElo "1700"]
[PlyCount "41"]
[EventDate "2022.??.??"]
[EventType "tourn (rapid)"]
[EventRounds "5"]
[SourceTitle "Corr 2024"]
[Source "ChessBase"]
[SourceDate "2023.10.19"]
[SourceVersion "1"]
[SourceVersionDate "2023.10.19"]
[SourceQuality "1"]

1. e4 e5 2. Bc4 Nc6 3. Qf3 Nf6 4. d3 Nd4 5. Qd1 d6 6. h3 Be6 7. Bxe6 fxe6 8. Bg5 Be7 9. Bxf6 Bxf6 10. c3 Nc6 11. g3 0-0 12. Nd2 d5 13. Ngf3 dxe4 14. dxe4 Qd7 15. Qb3 b6 16. 0-0 Be7 17. Rfe1 Na5 18. Qc2 Rad8 19. Rad1 Qc6 20. Nxe5 Qc5 21. Ndf3 1-0

[Event "FICGS rapid D 000142 email"]
[Site "FICGS email"]
[Date "2022.01.28"]
[Round "1"]
[White "Fraczkowski, Albert"]
[Black "Makosiej, Wladyslaw"]
[Result "0-1"]
[WhiteElo "1700"]
[BlackElo "1395"]
[PlyCount "22"]
[EventDate "2022.??.??"]
[EventType "tourn (rapid)"]
[EventRounds "5"]
[SourceTitle "Corr 2024"]
[Source "ChessBase"]
[SourceDate "2023.10.19"]
[SourceVersion "1"]
[SourceVersionDate "2023.10.19"]
[SourceQuality "1"]

1. d4 d5 2. c4 c6 3. Nc3 Nf6 4. Nf3 e6 5. e3 Nbd7 6. Bd3 dxc4 7. Bxc4 b5 8. Bd3 Bb7 9. Ne4 Nxe4 10. Bxe4 Bd6 11. Qc2 Rc8 0-1